Экспорт завершен — 

Dịch văn bản khoa học và kỹ thuật sang tiếng Anh

Dịch văn bản khoa học và kỹ thuật sang tiếng anh của tác giả Pumpyanski, Viện thông tin khoa học kỹ thuật thuộc Viện hàn lâm khoa học Liên Xô. Dù phần chuyển từ tiếng Nga sang tiếng Anh chưa thật sự phù hợp với tiếng việt mà tác giả đã cố g...

Disgrifiad llawn

Wedi'i Gadw mewn:
Manylion Llyfryddiaeth
Prif Awdur: Pumpyanski
Awduron Eraill: Đào Hồng Thu (Dịch)
Fformat: Llyfr
Iaith:Vietnamese
Cyhoeddwyd: H. Khoa học và Kỹ thuật 2002
Pynciau:
Tagiau: Ychwanegu Tag
Dim Tagiau, Byddwch y cyntaf i dagio'r cofnod hwn!
Thư viện lưu trữ: Thư viện Trường Đại học Nam Cần Thơ
LEADER 01553nam a22002057a 4500
001 NCT_149382
008 230504b xxu||||| |||| 00| 0 vie d
999 |c 7703  |d 7703 
020 |c sách tặng 
082 0 4 |2 23rd ed.  |a 428.02  |b P736 
100 1 |a Pumpyanski 
245 1 0 |a Dịch văn bản khoa học và kỹ thuật sang tiếng Anh  |c Pumpyanski; Đào Hồng Thu (Dịch) 
260 |a H.  |b Khoa học và Kỹ thuật  |c 2002 
300 |a 308 tr.  |c 24cm 
520 3 |a Dịch văn bản khoa học và kỹ thuật sang tiếng anh của tác giả Pumpyanski, Viện thông tin khoa học kỹ thuật thuộc Viện hàn lâm khoa học Liên Xô. Dù phần chuyển từ tiếng Nga sang tiếng Anh chưa thật sự phù hợp với tiếng việt mà tác giả đã cố gắng dịch lại, nội dung sách hết sức bổ ích đối với tất cả những ai làm việc trong lĩnh vực dịch văn bản khoa học hoặc quan tâm tới lĩnh vực này. Cuối sách có phần phụ lục đề cập đến sự hình thành và phát triển của lý luận dịch văn bản khoa học và kỹ thuật. 
653 |a Ngôn ngữ Anh 
700 1 |a Đào Hồng Thu   |e Dịch 
942 |2 ddc  |c BK 
952 |0 0  |1 0  |2 ddc  |4 0  |6 428_020000000000000_P736  |7 0  |9 27564  |a 000001  |b 000001  |d 2023-05-04  |o 428.02 P736  |p MD.21790  |r 2023-05-04  |w 2023-05-04  |y BK 
980 |a Thư viện Trường Đại học Nam Cần Thơ